01090nam a2200301Ia 450000500170000000800410001702000290005802000250008704100080011208200170012010000420013724501070017925000180028630000730030449000410037760000370041865000210045565000340047665000450051070000500055594200120060526400330061733600270065033700330067733800280071004000350073899900150077320220317001724.0170328s1998 c ao g 000 0 s  a9583004537 (colección) a9583004421 (volumen) aspa04a928.61bD17v1 aVargas Vila, JoséMaríad1860-193310aRubén DaríocJ.M. Vargas Vila ; ilustraciones interiores y de carátula Edgar Rodríguez-Ródez a1a. edición a166 páginasbilustraciones, fotografías en blanco y negroc22 cm aBiblioteca JoséMaría Vargas Vila14aDario, Rubend(1867-1916)915992142LEMBaBiografias142LEMBaPoesía nicaragüense142LEMBaPoetas nicaraguensesvBiografías1 aRodríguez-Ródez, Edgareilustrador964143 2ddccBK aBogotábPanamericanac1998 atextobtxt2rdacontent asin mediaciónbn2rdamedia avolumenbnc2rdacarrier aCO-BoRNBPbspaerdacCO-BoRNBP c7862d7862